=LDR 00000nam 2200000 4500 =001 INLIS00000000000093 =005 20260702043538 =020 ##$$a 978-602-313-652-0 =082 ##$$a 614.593 =100 1#$$a Prof. Dr. Dr. Anies, M.Kes, Pkk =245 1 $$a Seluk Beluk Koleksterol : Upaya Mengatasi Koleksterol Dari Aspek Kesehatan Masyarakat /$c Prof. Dr. Dr. Anies, M.Kes, Pkk =300 ##$$a xvi + 180 Hlm. ; 13,5 x 20 cm